| 000 | 00502nam a2200169 i 4500 | ||
|---|---|---|---|
| 001 | 29961 | ||
| 003 | ES-MaACL | ||
| 005 | 20250920063034.0 | ||
| 007 | t| | ||
| 008 | 030123q1920 fr ||||1| fre d | ||
| 100 | 1 |
_aBarrès, Maurice, _d1862-1923 _925947 |
|
| 245 | 1 | 3 |
_aLe roman de l'energie nationale _b: les deracinés / _cpar Maurice Barrés. |
| 260 |
_aParís : _bPlon, Nourrit et Cie, _c[1920?] |
||
| 300 |
_a2 v. ; _c19 cm. |
||
| 852 |
_aES-MaACL _jF-2555-56 |
||
| 999 |
_c29961 _d29961 |
||